000 00447nam a2200181Ia 4500
008 100920s9999 xx 000 0 und d
082 _b77269
_a24 0
100 _aभट अविनाश.
245 _aट्रिपल.
260 _b---
_c0
300 _a280
_bसाधी
365 _b225
520 _aसायो.
630 _aट्रिपल.
650 _aसायो.
730 _aट्रिपल.
942 _cBOOK
999 _c718566
_d718563